Administrative Disctricts of Tbilisi (Map Quiz) - Statistics

General Stats
  • This quiz has been taken 10 times
  • The average score is 6 of 10
Answers on the Map
Answers color-coded by a green-red scale on the quiz's map according to % correct below.
 
Answer Stats
Answer % Correct
Saburtalo
100%
Vake
100%
Didube
57%
Gldani
57%
Mtatsminda
57%
Chughureti
43%
Isani
43%
Krtsanisi
43%
Samgori
43%
Nadzaladevi
29%
No matching quizzes found
Score Distribution
Percent of People with Each Score
Percentile by Number Answered
Your Score History
You have not taken this quiz